01508 2200385 4500001002100000005001500021035002000036006001800056007000300074008003900077040002200116245010600138250002800244300004600272020002200318082001700340084001500357090002400372264003600396336002100432337003000453338002300483490003000506520034400536650004000880650003100920700002400951700003000975700002201005710003401027850001201061990001601073990001601089990001701105INLIS00000000000000120230926053031 a0010-0923000001aa a 000 0ta210419s2019 jbia a 000 0 ind aJKPNPNAbinderda10aSebelum aku tidur /cTim Redaksi Pelangi ; editor, Asep Jaidin, Wiwien Widyawanti ; ilustrator, Nonoy aCetakan ke-1, Juli 2019 a20 halaman :bilustrasi berwarna ;c18 cm a978-602-472-160-2042[23]a297.54 a297.54 SEB aCB-D.10 2019-026394 1aBandung :bPelangi Mizan,c2019 2rdacontentateks 2rdamediaatanpa perantara 2rdacarrieravolume0 aSeri halo balita penuntun3 aHari sudah gelap, Sali bersiap-siap untuk tidur karena sudah mengantuk. Ia pun masuk kamar mandi untuk sikat gigi dan mencuci kaki. Buku ini akan mengajak anak-anak untuk belajar adab sebelum tidur seperti membersihkan diri dan membaca doa. Doa yang dimuat diantaranya adalah doa masuk dan keluar kamar mandi, doa sebelum dan bangun tidur. 4aDoa dan Zikir--xBacaan kanak-kanak 4aKehidupan beragama (Islam)0 aAsep Jaidineeditor0 aWiwien Widyawantieeditor0 aNonoyeilustrator2 aTim Redaksi Pelangiepenyusun aJKPNPNA a00000000001 a00000000002 aM/P/100/1002